00618naa a2200169 a 450000100080000000500110000800800410001902000220006010000220008224500530010426000090015730000090016665000260017565300210020170000190022277302070024115965632026-03-31 2008 bl uuuu u00u1 u #d a978-85-7835-004-81 aFONSECA, J. F. da aProdução de caprinos e ovinos em Minas Gerais. c2008 c1 CD aSistema de Produção aSustentabilidade1 aBRUSCHI, J. H. tIn: DINIZ, F. H.; FERREIRA, J. R.; SOUZA, A. D.; ALBUQUERQUE, L. C.; FAGUNDES, R. B. S. (Ed.). Sustentabilidade da produção de leite na agricultura familiar. Juiz de Fora: Embrapa Gado de Leite, 2008.